000 05100cam a22013814i 4500
003 PE-LiUPU
005 20250813185353.0
008 170608s2017 mx a ri 001 0 esp d
020 _a607526308X
020 _a9786075263083
035 _a(Sirsi) a204321
040 _aPE-LiUPU
_bspa
_cPE-LiUPU
_erda
041 1 _aeng
_aspa
049 _aPRUA
082 0 4 _a337
_bC28
_220
082 0 4 _a339.5
_C28 2017
100 1 _aCarbaugh, Robert J.,
_eautor.
245 1 0 _aEconomía internacional /
_cRobert J. Carbaugh.
250 _a13a edición.
264 1 _aMéxico, D.F. :
_bCengage Learning,
_c2017.
300 _axxii, 536 páginas :
_bilustraciones ;
_c27 centimetros
336 _atext
_2rdacontent
337 _aunmediated
_2rdamedia
338 _avolume
_2rdacarrier
504 _aÍndices: páginas 527-536.
505 0 _aEconomía internacional y globalización -- Relaciones de comercio internacional: fundamentos de la teoría moderna del comercio: ventaja comparativa -- Fuentes de ventaja comparativa -- Aranceles -- Barreras no arancelarias al comercio -- Regulaciones comerciales y políticas industriales -- Políticas comerciales de los países en desarrollo -- Acuerdos comerciales regionales -- Movimientos internacionales de los factores de la producción y las empresas multinacionales -- Relaciones monetarias internacionales: la balanza de pago -- Divisas -- Determinación de los tipos de cambio -- Ajustes a la balanza de pagos -- Ajuste al tipo de cambio y la balanza de pagos -- Sistemas cambiarios y crisis monetarias -- Política macroeconomíca en una economía abierta -- Banca internacional: reservas, deuda y riesgo.
526 _aP202
526 _aP201
526 _aP163
526 _aP162
526 _aP161
526 _aP160
526 _aP148
526 _aP147
526 _aP146
526 _aP145
526 _aP144
526 _aP143
526 _aP142
526 _aP141
526 _aP140
526 _aP139
526 _aP138
526 _aP137
526 _aP136
526 _aP135
526 _aP134
526 _aP133
526 _aP129
526 _aP128
526 _aP127
526 _aP120
526 _aP119
526 _aP118
526 _aP116
526 _aP115
526 _aP114
526 _aP110
526 _aP109
526 _aP108
526 _aP104
526 _aP103
526 _aP102
526 _aP99
526 _aP98
526 _aP97
526 _aP96
526 _aP95
526 _aP93
526 _aP90
526 _aP89
526 _aP88
526 _aP83
526 _aP82
526 _aP62
526 _aP59
526 _aP58
526 _aP57
526 _aP51
526 _aP49
526 _aP48
526 _aP47
526 _aP29
526 _aP24
526 _aP20
526 _aP19
526 _aP17
526 _aP15
526 _aP14
526 _aP12
526 _aP10
526 _aP09
526 _aP08
526 _aP07
526 _aP06
526 _aP05
526 _aP04
526 _aP01
541 _g003-001188;
534 _aTítulo original:
_tInternational Economics.
650 0 4 _aAcuerdos comerciales
650 0 4 _aCompetencia económica internacional
650 0 4 _aPolítica comercial
910 _ajck
_bjvq
_cjpc
_d2017068
910 _armch
_bwelc
_cwelc
_d20180221
942 _2ddc
_cBOOK
949 _a337 C28
_wDEWEY
_c1
_i76193
_lCATALOGING
_mBUL
_p43.00
_r0
_sY
_tBOOK
_u2017-06-8
_xFCE
_PP04
_0COMPRA
_o.CIRCNOTE. El documento es de alto precio.
_o.STAFF. Colección Ciencias Empresariales
949 _a339.5 C28 2017
_wDEWEY
_c1
_iFJ10416
_lCCODEBUJ1
_mBUJ
_p23.51
_r0
_sY
_tBOOK
_u2018-02-21
_xFCE
_PP04
_0COMPRA
_o.STAFF. Colección General Juliaca
949 _a339.5 C28 2017
_wDEWEY
_c2
_iFJ10417
_lCCODEBUJ1
_mBUJ
_p23.51
_r0
_sY
_tBOOK
_u2018-02-21
_xFCE
_PP04
_0COMPRA
_o.STAFF. Colección General Juliaca
949 _a339.5 C28 2017
_wDEWEY
_c3
_iFJ10418
_lCCODEBUJ1
_mBUJ
_p23.51
_r0
_sY
_tBOOK
_u2018-02-21
_xFCE
_PP04
_0COMPRA
_o.STAFF. Colección General Juliaca
994 _aC0
_bPEPRU
596 _a1 3
999 _a337 C28
_wLC
_c20689
_i76193
_d20689
_e2018-11-16
_f2021-11-5
_g4
_lCCODEBUL1
_mBUL
_n6
_p43.00
_q1
_r0
_sY
_tBOOK
_u2017-6-8
_xFCE
_PP04
_0COMPRA
_o.STAFF. Colección Ciencias Empresariales
999 _a339.5 C28 2017
_wDEWEY
_c1
_iFJ10416
_d2019-6-24
_f2022-1-18
_g3
_lCCODEBUJ1
_mBUJ
_p40.62
_q2
_r0
_sY
_tBOOK
_u2018-2-21
_xFCE
_PP04
_0COMPRA
_o.STAFF. Colección General Juliaca
999 _a339.5 C28 2017
_wDEWEY
_c2
_iFJ10417
_d2018-5-2
_f2022-1-18
_g3
_lCCODEBUJ1
_mBUJ
_p40.62
_q1
_r0
_sY
_tBOOK
_u2018-2-21
_xFCE
_PP04
_0COMPRA
_o.STAFF. Colección General Juliaca
999 _a339.5 C28 2017
_wDEWEY
_c3
_iFJ10418
_f2022-1-18
_g3
_lCCODEBUJ1
_mBUJ
_p40.62
_r0
_sY
_tBOOK
_u2018-2-21
_xFCE
_PP04
_0COMPRA
_o.STAFF. Colección General Juliaca
980 _81
_gALBERTO SANCHEZ Responsable de Automatización